000 00682nam a22002297a 4500
003 OSt
005 20140310181737.0
008 130320t xxu||||| |||| 00| 0 eng d
020 _a0415101255
050 _aL 341
_b.C784 1994
082 _aTR 372.84
_bC79 1994
100 _aCopley, Terence.
_9600
245 _aReligious education 7-11 /
_bdeveloping primary teaching skills
_cTerence Copley
260 _aLondon:
_bRoutledge,
_cc1994.
300 _ax, 100p. :
_bill. ;
_c25 cm.
521 _aFaculty
541 _j1
562 _e1
650 _aPrimary education
_xReligion
_9601
650 _aTeaching of religious education
_9602
942 _2lcc
_cBK-TR
_kTR
999 _c2612
_d2612